<?xml version="1.0" encoding="UTF-8"?>
<record
    xmlns:xsi="http://www.w3.org/2001/XMLSchema-instance"
    xsi:schemaLocation="http://www.loc.gov/MARC21/slim http://www.loc.gov/standards/marcxml/schema/MARC21slim.xsd"
    xmlns="http://www.loc.gov/MARC21/slim">

  <leader>01472nam a22002657a 4500</leader>
  <controlfield tag="005">20170124103058.0</controlfield>
  <datafield tag="010" ind1=" " ind2=" ">
    <subfield code="a">B-207818</subfield>
  </datafield>
  <datafield tag="020" ind1=" " ind2=" ">
    <subfield code="c">75.00</subfield>
    <subfield code="a">8123745257</subfield>
  </datafield>
  <datafield tag="035" ind1=" " ind2=" ">
    <subfield code="a">B-207818</subfield>
  </datafield>
  <datafield tag="037" ind1=" " ind2=" ">
    <subfield code="b">Cen Lib/Ret</subfield>
  </datafield>
  <datafield tag="040" ind1=" " ind2=" ">
    <subfield code="a">DPL</subfield>
    <subfield code="b">HN</subfield>
  </datafield>
  <datafield tag="082" ind1=" " ind2=" ">
    <subfield code="a">920</subfield>
    <subfield code="b">&#x92E;&#x939;&#x93E;&#x924;&#x94D;&#x92E;&#x93E;</subfield>
  </datafield>
  <datafield tag="245" ind1=" " ind2=" ">
    <subfield code="a">&#x92E;&#x939;&#x93E;&#x924;&#x94D;&#x92E;&#x93E; &#x914;&#x930; &#x915;&#x935;&#x93F; :</subfield>
    <subfield code="c">&#x938;&#x902;&#x92A;&#x93E;&#x926;&#x915; &#x938;&#x935;&#x94D;&#x92F;&#x938;&#x93E;&#x91A;&#x93F; &#x92D;&#x91F;&#x94D;&#x91F;&#x93E;&#x91A;&#x93E;&#x930;&#x94D;&#x92F; ; &#x905;&#x928;&#x941;&#x935;&#x93E;&#x926;&#x915; &#x924;&#x93E;&#x932;&#x947;&#x935;&#x930; &#x917;&#x93F;&#x930;&#x93F; </subfield>
    <subfield code="b">&#x917;&#x93E;&#x902;&#x927;&#x940; &#x914;&#x930; &#x91F;&#x948;&#x917;&#x94B;&#x930; &#x915;&#x947; &#x92C;&#x940;&#x91A; 1915-1941 &#x924;&#x915; &#x939;&#x941;&#x90F; &#x92A;&#x924;&#x94D;&#x930;-&#x935;&#x94D;&#x92F;&#x935;&#x94D;&#x939;&#x93E;&#x930; &#x914;&#x930; &#x935;&#x93F;&#x91A;&#x93E;&#x930;-&#x935;&#x93F;&#x92E;&#x930;&#x94D;&#x936; /</subfield>
  </datafield>
  <datafield tag="246" ind1=" " ind2=" ">
    <subfield code="a">Mahatma aur kavi : Gandhi aur Tagore ke beech 1915-1941 tak hue patr-vyavhar aur vichar-vimarsh /</subfield>
    <subfield code="b">sampadak Savysachi Bhattacharya;anuvadak Talewar Giri </subfield>
  </datafield>
  <datafield tag="260" ind1=" " ind2=" ">
    <subfield code="a">&#x928;&#x908; &#x926;&#x93F;&#x932;&#x94D;&#x932;&#x940; </subfield>
    <subfield code="b">&#x928;&#x947;&#x936;&#x928;&#x932; &#x92C;&#x941;&#x915; &#x91F;&#x94D;&#x930;&#x938;&#x94D;&#x91F; </subfield>
    <subfield code="c">2005</subfield>
  </datafield>
  <datafield tag="270" ind1=" " ind2=" ">
    <subfield code="a">&#x90F;-5 &#x917;&#x94D;&#x930;&#x940;&#x928; &#x92A;&#x93E;&#x930;&#x94D;&#x915; </subfield>
    <subfield code="b">&#x928;&#x908; &#x926;&#x93F;&#x932;&#x94D;&#x932;&#x940; </subfield>
    <subfield code="e">110016</subfield>
  </datafield>
  <datafield tag="300" ind1=" " ind2=" ">
    <subfield code="a">217&#x92A;&#x943;. </subfield>
    <subfield code="c">21&#x938;&#x947;&#x92E;&#x940;(&#x905;&#x91C;&#x93F;&#x932;&#x94D;&#x926;)</subfield>
  </datafield>
  <datafield tag="650" ind1=" " ind2=" ">
    <subfield code="a">&#x939;&#x93F;&#x928;&#x94D;&#x926;&#x940; &#x938;&#x93E;&#x939;&#x93F;&#x924;&#x94D;&#x92F; </subfield>
    <subfield code="9">75942</subfield>
  </datafield>
  <datafield tag="650" ind1=" " ind2=" ">
    <subfield code="a">&#x939;&#x93F;&#x928;&#x94D;&#x926;&#x940; -- &#x91C;&#x940;&#x935;&#x928;&#x93F;&#x92F;&#x93E;&#x901; </subfield>
    <subfield code="9">75943</subfield>
  </datafield>
  <datafield tag="650" ind1=" " ind2=" ">
    <subfield code="a">Hindi literature</subfield>
    <subfield code="9">75944</subfield>
  </datafield>
  <datafield tag="650" ind1=" " ind2=" ">
    <subfield code="a">Hindi - Biographies</subfield>
    <subfield code="9">75945</subfield>
  </datafield>
  <datafield tag="700" ind1=" " ind2=" ">
    <subfield code="a">&#x92D;&#x91F;&#x94D;&#x91F;&#x93E;&#x91A;&#x93E;&#x930;&#x94D;&#x92F;, &#x938;&#x935;&#x94D;&#x92F;&#x938;&#x93E;&#x91A;&#x93F; </subfield>
    <subfield code="9">43628</subfield>
  </datafield>
  <datafield tag="700" ind1=" " ind2=" ">
    <subfield code="a">&#x917;&#x93F;&#x930;&#x93F;, &#x924;&#x93E;&#x932;&#x947;&#x935;&#x930; </subfield>
    <subfield code="9">75946</subfield>
  </datafield>
  <datafield tag="942" ind1=" " ind2=" ">
    <subfield code="2">ddc</subfield>
    <subfield code="c">HN</subfield>
    <subfield code="h">920</subfield>
    <subfield code="m">&#x92E;&#x939;&#x93E;&#x924;&#x94D;&#x92E;&#x93E;</subfield>
  </datafield>
  <datafield tag="999" ind1=" " ind2=" ">
    <subfield code="c">117636</subfield>
    <subfield code="d">117636</subfield>
  </datafield>
  <datafield tag="952" ind1=" " ind2=" ">
    <subfield code="0">0</subfield>
    <subfield code="1">0</subfield>
    <subfield code="4">0</subfield>
    <subfield code="7">0</subfield>
    <subfield code="a">L</subfield>
    <subfield code="b">L</subfield>
    <subfield code="d">2015-09-07</subfield>
    <subfield code="e">Cen Lib/Ret</subfield>
    <subfield code="g">75.00</subfield>
    <subfield code="l">2</subfield>
    <subfield code="o">920 &#x92E;&#x939;&#x93E;&#x924;&#x94D;&#x92E;&#x93E;</subfield>
    <subfield code="p">B-207818</subfield>
    <subfield code="r">2021-08-14 00:00:00</subfield>
    <subfield code="s">2021-07-12</subfield>
    <subfield code="t">1</subfield>
    <subfield code="v">75.00</subfield>
    <subfield code="w">2015-09-07</subfield>
    <subfield code="y">HN</subfield>
  </datafield>
</record>
